Effect of mulching on yield of cultivar Ts 64 (Solanum melogena) At crop station in the royal university of agriculture,(ឥទ្ធិពលគំរបប្លាស្ទិច ទៅលើទិន្នផលនៃដំណាំត្រប់វែង នៅស្ថានីយ៍ដំណាំ សាកលវិទ្យាល័យភូមិន្ទកសិកម្ម) (Record no. 686)

000 -LEADER
fixed length control field 00749nam a22001577a 4500
003 - CONTROL NUMBER IDENTIFIER
control field OSt
005 - DATE AND TIME OF LATEST TRANSACTION
control field 20150917170311.0
008 - FIXED-LENGTH DATA ELEMENTS--GENERAL INFORMATION
fixed length control field 150917b xxu||||| |||| 00| 0 eng d
040 ## - CATALOGING SOURCE
Transcribing agency RUA
082 ## - DEWEY DECIMAL CLASSIFICATION NUMBER
Classification number AGR PHO 2005 B032 Or.1
100 ## - MAIN ENTRY--PERSONAL NAME
9 (RLIN) 713
Personal name PHON SOPHEA
245 ## - TITLE STATEMENT
Title Effect of mulching on yield of cultivar Ts 64 (Solanum melogena) At crop station in the royal university of agriculture,(ឥទ្ធិពលគំរបប្លាស្ទិច ទៅលើទិន្នផលនៃដំណាំត្រប់វែង នៅស្ថានីយ៍ដំណាំ សាកលវិទ្យាល័យភូមិន្ទកសិកម្ម)
260 ## - PUBLICATION, DISTRIBUTION, ETC. (IMPRINT)
Place of publication, distribution, etc. phnom penh
Name of publisher, distributor, etc. RUA
Date of publication, distribution, etc. 2005
300 ## - PHYSICAL DESCRIPTION
Extent xiii,53p.
Dimensions ill.
Size of unit 29cm.
942 ## - ADDED ENTRY ELEMENTS (KOHA)
Source of classification or shelving scheme
Koha item type AGR

No items available.

មជ្ឈមណ្ឌលឯការនៃសាកលវិទ្យាល័យភូមិន្ទកសិកម្មចំការដូង

Powered by Koha